| 000 | 00711cam a2200193K 4500 | ||
|---|---|---|---|
| 082 | 0 | 4 |
_a669 _bKEY _cL-17, P-8 |
| 100 | 1 |
_aKeyser, Carl A. _944913 |
|
| 245 | 1 | 0 |
_aBasic engineering metallurgy _btheories, principles, and applications. |
| 260 |
_aNew York, _bPrentice-Hall, _c1952. |
||
| 300 |
_a1 online resource (384 p.) _billus. |
||
| 526 |
_a0 _b0 _c0 _d669_000000000000000_KEY |
||
| 526 |
_a0 _b0 _c0 _d669_000000000000000_KEY |
||
| 526 |
_a0 _b0 _c0 _d669_000000000000000_KEY |
||
| 526 |
_a0 _b0 _c0 _d669_000000000000000_KEY |
||
| 650 | 0 |
_aMetallurgy. _925466 |
|
| 650 | 7 |
_aEngenharia Metalurgica E De Materiais. _944914 |
|
| 856 | 4 | 0 | _uhttp://catalog.hathitrust.org/api/volumes/oclc/1679780.html |
| 942 |
_2ddc _cBK |
||
| 999 |
_c548566 _d548566 |
||